| 000 | 00701cam a2200205 a 4500 | ||
|---|---|---|---|
| 001 | 000009202 | ||
| 005 | 20200929161522.0 | ||
| 008 | 890307s1985 nq 000 f spa | ||
| 040 |
_aDO-SdBNP _cDLC _dDLC |
||
| 082 |
_aN863.4 _bC822r |
||
| 100 | 1 |
_aCoronel Urtecho, José, _d1906-1994. _923884 |
|
| 245 | 1 | 0 |
_aRápido tránsito : _bal ritmo de norteamerica / _cJosé Coronel Urtecho. |
| 260 |
_aManagua, Nicaragua : _bNueva Nicaragua, _c[1985]. |
||
| 300 |
_a191 p. ; _c20 cm. |
||
| 490 | 1 |
_aLetras de Nicaragua _v15 |
|
| 650 | 4 |
_aNovela nicaragüense _922434 |
|
| 650 | 4 |
_aLiteratura nicaragüense _ySIGLO XX _98729 |
|
| 830 | 0 |
_aLetras de Nicaragua ; _v15. _98119 |
|
| 910 | _aCatalogación por copia / LC | ||
| 999 |
_c8965 _d8965 |
||